| 000 | 00472nam a2200181Ia 4500 | ||
|---|---|---|---|
| 001 | 7931 | ||
| 005 | 20260306160531.0 | ||
| 008 | 260306t2016||||xx |||||||||||||| ||spa|| | ||
| 041 | _aESP | ||
| 082 |
_a364 _bG24 2016 |
||
| 100 |
_aGarcía-Pablos de Molina, Antonio _eAUT |
||
| 245 | 0 |
_aCriminología: _buna introducción a sus fundamentos teóricos |
|
| 260 | _c2016 | ||
| 300 |
_a739 páginas : _c24 cm. |
||
| 650 | _aGEN | ||
| 654 | _aCPS | ||
| 942 |
_cLIB _dJUS _fJUS _2ddc _n |
||
| 999 |
_c7931 _d7931 |
||